Top 20 towns and cities in Devon - Statistics

General Stats
  • This quiz has been taken 577 times
  • The average score is 11 of 20
Answer Stats
Answer % Correct
Exeter
99%
Plymouth
95%
Torquay
86%
Barnstaple
75%
Exmouth
72%
Paignton
71%
Newton Abbot
65%
Tiverton
61%
Dawlish
56%
Bideford
55%
Brixham
52%
Teignmouth
52%
Sidmouth
48%
Honiton
44%
Tavistock
43%
Ilfracombe
41%
Ivybridge
38%
Cullompton
27%
Kingsteignton
12%
Northam
10%
No matching quizzes found
Score Distribution
Percent of People with Each Score
Percentile by Number Answered
Your Score History
You have not taken this quiz